|
|
|
|
| LEADER |
00000nam0a2200000 4500 |
| 001 |
329152 |
| 005 |
20231102004131.0 |
| 035 |
|
|
|a (RuTPU)RU\TPU\book\354894
|
| 035 |
|
|
|a RU\TPU\book\321752
|
| 090 |
|
|
|a 329152
|
| 100 |
|
|
|a 20170309d1979 k y0rusy5003 ca
|
| 101 |
0 |
|
|a rus
|
| 102 |
|
|
|a UA
|
| 105 |
|
|
|a y z 000zy
|
| 200 |
1 |
|
|a Газовая динамика двигателей и их элементов
|g [Редкол.: В. Н. Ершов (отв. ред.) и др.]
|e тематический сборник научных трудов
|f Харьковский авиационный институт
|h Вып. 1
|
| 210 |
|
|
|a Харьков
|c Изд-во ХАИ
|d 1979
|
| 215 |
|
|
|a 144, 8 с.
|c ил.
|
| 320 |
|
|
|a Библиография в конце статей
|
| 606 |
1 |
|
|a Авиационные двигатели
|x Газовая динамика
|2 stltpush
|3 (RuTPU)RU\TPU\subj\247
|9 29235
|
| 610 |
1 |
|
|a активные диски
|
| 610 |
1 |
|
|a сжимаемость
|
| 610 |
1 |
|
|a влияние
|
| 610 |
1 |
|
|a учет
|
| 610 |
1 |
|
|a многоступенчатые осевые компрессоры
|
| 610 |
1 |
|
|a течение
|
| 610 |
1 |
|
|a расчет
|
| 610 |
1 |
|
|a рабочие колеса
|
| 610 |
1 |
|
|a лопатки
|
| 610 |
1 |
|
|a направляющие аппараты
|
| 610 |
1 |
|
|a осесимметричные потоки
|
| 675 |
|
|
|a 621.431.75.01
|z rus
|v 3
|
| 712 |
0 |
2 |
|a Харьковский авиационный институт
|2 stltpush
|3 (RuTPU)RU\TPU\col\7321
|9 24307
|
| 801 |
|
0 |
|a RU
|b RuMRKP
|c 19950704
|g psbo
|
| 801 |
|
1 |
|a RU
|b 63413507
|c 20150602
|
| 801 |
|
2 |
|a RU
|b 63413507
|c 20170419
|g RCR
|
| 942 |
|
|
|c BK
|